Heroes Characters Quiz Stats

Quiz Updated Jan 17, 2012

Challenge
Share
Tweet
Embed
Score 0/40 Timer 07:00
0 Plays Today
Real Name Character Name % Correct
Hayden PanettiereClaire Bennet
93.2%
Milo VentimigliaPeter Petrelli
92.2%
Adrian PasdarNathan Petrelli
89%
Zachary QuintoSylar (Gabriel Gray)
86.2%
Masi OkaHiro Nakamura
85.3%
Jack ColemanNoah Bennet
78.4%
Greg GrunbergMatt Parkman
71%
James Kyson LeeAndo Masahashi
66.5%
Sendhil RamamurthyMohinder Suresh
65.5%
Noah Gray-CabeyMicah Sanders
57.9%
Ali LarterNiki Sanders
51.8%
Cristine RoseAngela Petrelli
48.7%
Jimmy Jean-LouisThe Haitian
47.8%
Kristen BellElle Bishop
47.6%
Ali LarterTracy Strauss
39.9%
Malcolm McDowellDaniel Linderman
35.8%
Santiago CabreraIsaac Mendez
35.4%
Adair TishlerMolly Walker
33.2%
David AndersAdam Monroe
32.5%
Leonard RobertsD.L. Hawkins
30.6%
Real Name Character Name % Correct
Brea GrantDaphne Millbrook
29.2%
Dania RamirezMaya Herrera
28.6%
Ashley CrowSandra Bennet
25.6%
Robert ForsterArthur Petrelli
25.6%
Stephen TobolowskyBob Bishop
22.1%
Matthew John ArmstrongTed Sprague
20.3%
Nicholas D'AgostoWest Rosen
20.2%
Christopher EcclestonClaude Rains
18%
David H. Lawrence XVIIEric Doyle
17.2%
Dana DavisMonica Dawson
16.8%
Tawny CypressSimone Deveaux
16.4%
Ċ½eljko IvanekEmile Danko
15.9%
Nora ZehetnerEden McCain
14.8%
Richard RoundtreeCharles Deveaux
11.8%
Missy PeregrymCandice Wilmer
11.1%
Blake ShieldsFlint Gordon Jr.
8.6%
Francis CapraJesse Murphy
7.6%
Dan ByrdLuke Campbell
7.4%
Andre RoyoStephen Canfield
4.8%
John GloverSamson Gray
4.7%

You're not logged in!

Compare scores with friends on all Sporcle quizzes.
Sign Up with Email
OR
Log In

You Might Also Like...

Show Comments

Extras

Top Quizzes Today


Score Distribution

Your Account Isn't Verified!

In order to create a playlist on Sporcle, you need to verify the email address you used during registration. Go to your Sporcle Settings to finish the process.